| 000 | 01583nam a2200349Ia 4500 | ||
|---|---|---|---|
| 003 | OSt | ||
| 005 | 20250522111248.0 | ||
| 008 | 191128t2015 sp er 000 f spa d | ||
| 020 | _a9788416559121 (Volumen 3) | ||
| 020 | _a9788416559145 (Volumen 5) | ||
| 020 | _a9788416559152 (Volumen 6) | ||
| 020 | _a9788416559169 (Volumen 7) | ||
| 020 | _a9788416559176 (Volumen 8) | ||
| 020 | _a9788416559183 (Volumen 9) | ||
| 020 | _a9788416559190 (Volumen 10) | ||
| 020 | _a9788416559206 (Volumen 11) | ||
| 020 | _a9788416559213 (Volumen 12) | ||
| 040 |
_aCO-JMCR _cCO-JMCR |
||
| 041 | 1 |
_aspa _heng |
|
| 082 | 0 | 4 |
_aJ-N _bFOSs |
| 100 | 1 |
_aFoster, Alan Dean, _eautor _96990 |
|
| 245 | 1 | 0 |
_aStar wars / _cAlan Dean Foster ; traducción, Virginia de la Cruz Nevado |
| 260 |
_aEspaña : _bLuppa Solutions, _c©2015 |
||
| 300 |
_a12 volúmenes ; _c23 cm. |
||
| 490 | 0 | _aLeyendas | |
| 505 | 1 |
_gV.3. _tLa llegada de la tomenta.-- _gV.5. _tHan solo : venganza.-- _gV.6. _tHan solo : el legado perdido.-- _gV.7. _tLa nueva república : heredero del imperio.-- _gV.8. _tLa nueva república : el resurgir d ela fuerza oscura.-- _gV.9. _tLa nueva república : la nueva orden.-- _gV.10. _tLa nueva orden Jedi : vector prime.-- _gV.11. _tLa nueva orden Jedi : agentes del caos I : la prueba del héroe.-- _gV.12. _tLa nueva orden Jedi : agentes del caos II el eclipse de los Jedi.-- |
|
| 534 | _pStar wars: the approaching storm | ||
| 546 | _aTraducido del inglés | ||
| 650 | 1 | 4 |
_aNovela estadounidense _ysiglo XX _96991 |
| 700 | 1 |
_aCruz Nevado, Virginia de la, _etraductora _96992 |
|
| 942 |
_2ddc _cBK |
||
| 999 |
_c4545 _d4545 |
||